[Event "NOR-chT Elite qual"]
[Site "Oslo"]
[Date "2022.09.09"]
[Round "1"]
[White "Karlsen, Terje"]
[Black "Getz, Nicolai"]
[Result "0-1"]
[WhiteElo "2073"]
[BlackElo "2346"]
[PlyCount "72"]
[EventDate "2022.09.09"]
[EventType "team-tourn"]
[EventRounds "3"]
[EventCountry "NOR"]
[SourceTitle "EXT 2024"]
[Source "ChessBase"]
[SourceDate "2023.10.10"]
[SourceVersion "1"]
[SourceVersionDate "2023.10.10"]
[SourceQuality "1"]
[WhiteTeam "Sotra"]
[BlackTeam "Oslo"]
[WhiteTeamCountry "NOR"]
[BlackTeamCountry "NOR"]

1. d4 Nf6 2. Nf3 e6 3. Bg5 d5 4. e3 h6 5. Bh4 c5 6. c3 Nc6 7. Nbd2 Qb6 8. Rb1 Be7 9. Bd3 Bd7 10. 0-0 Qc7 11. Bg3 Qb6 12. Ne5 0-0 13. f4 Be8 14. Bh4 Nd7 15. Bxe7 Nxe7 16. Ndf3 f6 17. Nxd7 Bxd7 18. Kh1 Bb5 19. Qe2 Bxd3 20. Qxd3 c4 21. Qd2 Qa6 22. Qc2 b5 23. e4 Rab8 24. a3 Qc6 25. exd5 Nxd5 26. Qe4 a5 27. Nd2 Rfe8 28. Rfc1 f5 29. Qe5 Nb6 30. Qe2 Qd6 31. g3 Rec8 32. Kg1 Na4 33. Re1 Rb6 34. Qe5 Qxe5 35. Rxe5 Kf7 36. Kf2 Rd8 0-1

[Event "NOR-ch"]
[Site "Oslo"]
[Date "2021.07.07"]
[Round "6"]
[White "Getz, Nicolai"]
[Black "Abdrlauf, Elham"]
[Result "1/2-1/2"]
[WhiteElo "2359"]
[BlackElo "2338"]
[PlyCount "93"]
[EventDate "2021.07.02"]
[EventType "swiss"]
[EventRounds "9"]
[EventCountry "NOR"]
[SourceTitle "CBM 203 Extra"]
[Source "ChessBase"]
[SourceDate "2021.09.30"]
[SourceVersion "1"]
[SourceVersionDate "2021.09.30"]
[SourceQuality "1"]

1. e4 c6 2. Nc3 d5 3. Nf3 g6 4. d4 dxe4 5. Nxe4 Nf6 6. Nxf6+ exf6 7. Bc4 Bg7 8. Qe2+ Qe7 9. Qxe7+ Kxe7 10. Bd2 Be6 11. Bb4+ Kd7 12. d5 cxd5 13. 0-0-0 Na6 14. Bxd5 Nxb4 15. Bxe6+ Kxe6 16. Rhe1+ Kf5 17. Rd4 Nxa2+ 18. Kb1 g5 19. Kxa2 Rae8 20. Rd7 Rxe1 21. Nxe1 Rb8 22. Rxf7 Kg6 23. Rd7 h5 24. Nd3 Bf8 25. b4 Kf5 26. Kb3 Ke6 27. Rh7 h4 28. g3 hxg3 29. hxg3 Be7 30. g4 a5 31. f4 Bxb4 32. Nxb4 axb4 33. fxg5 fxg5 34. Rg7 Kf6 35. Rc7 Re8 36. Rxb7 Re3+ 37. Kxb4 Re4+ 38. c4 Rxg4 39. Kb5 Rg1 40. c5 g4 41. c6 g3 42. c7 Rb1+ 43. Ka6 Ra1+ 44. Kb5 Rb1+ 45. Ka6 Rc1 46. Rb3 Rxc7 47. Rxg3 1/2-1/2

[Event "NOR-ch"]
[Site "Larvik"]
[Date "2019.07.11"]
[Round "7"]
[White "Hauge, Lars Oskar"]
[Black "Getz, Nicolai"]
[Result "1-0"]
[WhiteElo "2476"]
[BlackElo "2377"]
[PlyCount "39"]
[EventDate "2019.07.05"]
[EventType "swiss"]
[EventRounds "9"]
[EventCountry "NOR"]
[SourceTitle "CBM 191 Extra"]
[Source "ChessBase"]
[SourceDate "2019.09.30"]
[SourceVersion "1"]
[SourceVersionDate "2019.09.30"]
[SourceQuality "1"]

1. e4 d6 2. Nc3 g6 3. f4 Bg7 4. d4 Nf6 5. Bd3 Nc6 6. e5 dxe5 7. fxe5 Nd5 8. Nf3 Nxc3 9. bxc3 Na5 10. 0-0 c5 11. Ng5 0-0 12. Nxh7 Kxh7 13. Rxf7 Rxf7 14. Qh5+ Kg8 15. Bxg6 Kf8 16. Bxf7 Bg4 17. Qxg4 Kxf7 18. Bh6 Qh8 19. Rf1+ Bf6 20. Qh5+ 1-0

[Event "NOR-ch"]
[Site "Larvik"]
[Date "2019.07.10"]
[Round "6"]
[White "Getz, Nicolai"]
[Black "Moen, Andreas"]
[Result "1-0"]
[WhiteElo "2377"]
[BlackElo "2322"]
[PlyCount "85"]
[EventDate "2019.07.05"]
[EventType "swiss"]
[EventRounds "9"]
[EventCountry "NOR"]
[SourceTitle "CBM 191 Extra"]
[Source "ChessBase"]
[SourceDate "2019.09.30"]
[SourceVersion "1"]
[SourceVersionDate "2019.09.30"]
[SourceQuality "1"]

1. Nf3 d5 2. c4 c6 3. g3 Nf6 4. Bg2 Bf5 5. Qb3 Nbd7 6. d3 e5 7. 0-0 Be7 8. cxd5 cxd5 9. Qxb7 0-0 10. Qb3 Rb8 11. Qd1 Qc7 12. b3 a5 13. Bd2 Rfc8 14. Nc3 Ba3 15. Na4 h6 16. Bc1 Bb4 17. Bb2 d4 18. Nd2 Nc5 19. Nxc5 Bxc5 20. Rc1 Qe7 21. Nc4 a4 22. bxa4 Be6 23. Ba1 Bxc4 24. Rxc4 Nd7 25. a5 Ba7 26. Qc2 Rxc4 27. Qxc4 Qc5 28. Bd5 Qxc4 29. Bxc4 Rb4 30. f4 Kf8 31. Kg2 Ke7 32. fxe5 Nxe5 33. Bb3 g5 34. Rc1 Kd8 35. Rf1 Rb5 36. a6 Ke7 37. e3 dxe3 38. d4 Nc6 39. Rxf7+ Ke8 40. Rxa7 Nxa7 41. Ba4 g4 42. Kf1 Kd7 43. Bxb5+ 1-0

[Event "Nordic-ch"]
[Site "Sarpsborg"]
[Date "2019.06.26"]
[Round "8"]
[White "Getz, Nicolai"]
[Black "Notkevich, Benjamin Arvola"]
[Result "0-1"]
[WhiteElo "2380"]
[BlackElo "2485"]
[PlyCount "58"]
[EventDate "2019.06.21"]
[EventType "swiss"]
[EventRounds "9"]
[EventCountry "NOR"]
[SourceTitle "CBM 191 Extra"]
[Source "ChessBase"]
[SourceDate "2019.09.30"]
[SourceVersion "1"]
[SourceVersionDate "2019.09.30"]
[SourceQuality "1"]

1. Nf3 c5 2. b3 d6 3. e3 Nf6 4. d4 cxd4 5. exd4 e6 6. Bd3 Be7 7. 0-0 0-0 8. c4 b6 9. Bb2 Bb7 10. Nbd2 Nbd7 11. a4 d5 12. Qe2 Bb4 13. Ne5 Rc8 14. Ndf3 Nxe5 15. Nxe5 Qe7 16. Rfc1 Rfd8 17. Rc2 h6 18. Rd1 Qe8 19. Ra1 Nd7 20. c5 Nxe5 21. Qxe5 bxc5 22. dxc5 d4 23. Bb5 Bc6 24. Bxd4 f6 25. Qe3 Bxb5 26. axb5 e5 27. Bb2 Qxb5 28. Qc1 Rxc5 29. Rxa7 Qd3 0-1

[Event "Nordic-ch"]
[Site "Sarpsborg"]
[Date "2019.06.25"]
[Round "7"]
[White "Rydstrom, Tom"]
[Black "Getz, Nicolai"]
[Result "0-1"]
[WhiteElo "2370"]
[BlackElo "2380"]
[PlyCount "116"]
[EventDate "2019.06.21"]
[EventType "swiss"]
[EventRounds "9"]
[EventCountry "NOR"]
[SourceTitle "CBM 191 Extra"]
[Source "ChessBase"]
[SourceDate "2019.09.30"]
[SourceVersion "1"]
[SourceVersionDate "2019.09.30"]
[SourceQuality "1"]

1. e4 d6 2. Nc3 e5 3. Nf3 Nf6 4. Bc4 Be7 5. d4 Nbd7 6. a4 c6 7. Ba2 0-0 8. 0-0 b6 9. Re1 a6 10. Bg5 Rb8 11. Bh4 b5 12. axb5 axb5 13. Bg3 Qc7 14. h3 b4 15. Nb1 c5 16. dxe5 dxe5 17. Nbd2 Nh5 18. Bh2 Nf4 19. Nc4 Rd8 20. Qc1 g5 21. Ne3 Nb6 22. h4 h6 23. hxg5 hxg5 24. Nd5 Nbxd5 25. exd5 Bf6 26. Qe3 c4 27. Qe4 b3 28. cxb3 cxb3 29. Bb1 Rb5 30. Bxf4 gxf4 31. Qh7+ Kf8 32. Bd3 Rbxd5 33. Rac1 Rc5 34. Rxc5 Qxc5 35. Be4 Ke7 36. Nh4 Rd2 37. Rf1 Be6 38. Bf5 Bc4 39. Ng6+ Kd6 40. Qg8 Bxf1 41. Qb8+ Kd5 42. Qa8+ Kc4 43. Qa4+ Qb4 44. Qc6+ Kd4 45. Qd7+ Kc5 46. Qc7+ Kb5 47. Qb7+ Ka5 48. Qc7+ Qb6 49. Qc3+ Ka4 50. Qxd2 fxg6 51. Bxg6 Bb5 52. Bf7 Qc5 53. Qd1 Bc4 54. Be8+ Ka5 55. Qd2+ Kb6 56. Qd7 Qc7 57. Qa4 Be7 58. Bg6 Qc6 0-1

[Event "NOR-chT Club"]
[Site "Drammen"]
[Date "2019.06.01"]
[Round "4.1"]
[White "Al Tarbosh, Ward"]
[Black "Getz, Nicolai"]
[Result "0-1"]
[WhiteElo "2250"]
[BlackElo "2380"]
[PlyCount "122"]
[EventDate "2019.05.30"]
[EventType "team-swiss"]
[EventRounds "6"]
[EventCountry "NOR"]
[SourceTitle "CBM 190 Extra"]
[Source "ChessBase"]
[SourceDate "2019.07.15"]
[SourceVersion "1"]
[SourceVersionDate "2019.07.15"]
[SourceQuality "1"]
[WhiteTeam "OSS II"]
[BlackTeam "OSS"]
[WhiteTeamCountry "NOR"]
[BlackTeamCountry "NOR"]

1. e4 d6 2. d4 Nf6 3. Nc3 e5 4. Bg5 Be7 5. Nf3 Nbd7 6. Qd2 c6 7. h4 h6 8. dxe5 dxe5 9. Bxf6 Bxf6 10. g4 Nc5 11. Qe3 Qb6 12. Rg1 Ne6 13. Qxb6 axb6 14. 0-0-0 g6 15. Bc4 b5 16. Bb3 Nc5 17. g5 hxg5 18. hxg5 Bg7 19. Kb1 b4 20. Ne2 Nxe4 21. Rde1 Nxf2 22. Nf4 Ng4 23. Nd3 Ra5 24. Nd2 Bf5 25. Nc4 Rd5 26. Nxb4 Rd4 27. a3 Rh2 28. Ka2 Kd8 29. c3 Rd7 30. Rd1 Nf2 31. Rxd7+ Kxd7 32. Ne3 Be6 33. Nf1 Rh5 34. Rg2 Ne4 35. Bxe6+ Kxe6 36. Nd3 Kd6 37. Nd2 Nxd2 38. Rxd2 Rxg5 39. b4 b6 40. a4 Kc7 41. a5 bxa5 42. Nc5 Rf5 43. Kb3 axb4 44. cxb4 Bf8 45. Rd7+ Kc8 46. Ra7 Bxc5 47. bxc5 Rf4 48. Re7 f6 49. Rg7 g5 50. Kc3 g4 51. Kb3 Kd8 52. Kc3 f5 53. Kb3 Ke8 54. Kc3 Kf8 55. Rg6 Ke7 56. Kd3 Rd4+ 57. Ke2 Kd7 58. Rf6 f4 59. Rg6 g3 60. Kf3 Rd5 61. Rg7+ Kc8 0-1

[Event "NOR-chT 1819"]
[Site "Norway"]
[Date "2019.03.08"]
[Round "7.2"]
[White "Getz, Nicolai"]
[Black "Haug, Johannes"]
[Result "0-1"]
[WhiteElo "2396"]
[BlackElo "2386"]
[PlyCount "60"]
[EventDate "2018.11.02"]
[EventType "team-tourn"]
[EventRounds "9"]
[EventCountry "NOR"]
[SourceTitle "CBM 189 Extra"]
[Source "ChessBase"]
[SourceDate "2019.06.03"]
[SourceVersion "1"]
[SourceVersionDate "2019.06.03"]
[SourceQuality "1"]
[WhiteTeam "OSS"]
[BlackTeam "Nordstrand"]
[WhiteTeamCountry "NOR"]
[BlackTeamCountry "NOR"]

1. e4 e5 2. Bc4 Nc6 3. Nc3 Nf6 4. d3 Na5 5. Qf3 c6 6. Nge2 d6 7. Bg5 Be7 8. Ng3 Bg4 9. Qe3 h6 10. Bxf6 Bxf6 11. f3 Nxc4 12. dxc4 Be6 13. Nf5 g6 14. Ng3 Bxc4 15. Rd1 Be7 16. b3 Be6 17. Qd3 Qb6 18. Ke2 Qa5 19. Nf1 b5 20. Ne3 Rd8 21. Kf2 b4 22. Ne2 0-0 23. h4 d5 24. h5 Kg7 25. g4 Qc5 26. f4 dxe4 27. Qxe4 Bd5 28. Qxe5+ Bf6 29. Qc7 Bxh1 30. Rxh1 Rde8 0-1

[Event "NOR-chT 1819"]
[Site "Norway"]
[Date "2018.11.03"]
[Round "2.4"]
[White "Getz, Nicolai"]
[Black "Soderstrom, Adrian"]
[Result "1-0"]
[WhiteElo "2396"]
[BlackElo "2023"]
[PlyCount "69"]
[EventDate "2018.11.02"]
[EventType "team-tourn"]
[EventRounds "9"]
[EventCountry "NOR"]
[SourceTitle "CBM 188 Extra"]
[Source "ChessBase"]
[SourceDate "2019.02.26"]
[SourceVersion "1"]
[SourceVersionDate "2019.02.26"]
[SourceQuality "1"]
[WhiteTeam "OSS"]
[BlackTeam "Hell"]
[WhiteTeamCountry "NOR"]
[BlackTeamCountry "NOR"]

1. Nf3 d6 2. c4 Nf6 3. d4 g6 4. g3 Bg7 5. Bg2 0-0 6. 0-0 Nc6 7. Nc3 a6 8. h3 Rb8 9. e4 b5 10. d5 Na5 11. cxb5 axb5 12. b4 Nxd5 13. Nxd5 Bxa1 14. Bg5 Bf6 15. Bxf6 exf6 16. bxa5 Be6 17. Nd4 Bd7 18. Qc1 c5 19. Nf5 Bxf5 20. exf5 Kg7 21. Re1 Qd7 22. Qa1 Qxf5 23. g4 Qg5 24. f4 Qh4 25. g5 Rbe8 26. Qxf6+ Kg8 27. Ne7+ Rxe7 28. Rxe7 d5 29. a6 Qg3 30. a7 Qa3 31. Bxd5 Qc1+ 32. Kh2 Qd2+ 33. Bg2 Qxa2 34. Qc6 Qa4 35. Qe4 1-0

[Event "NOR-chT 1819"]
[Site "Norway"]
[Date "2018.11.02"]
[Round "1.2"]
[White "Getz, Nicolai"]
[Black "Klukin, Kirill"]
[Result "1/2-1/2"]
[WhiteElo "2396"]
[BlackElo "2313"]
[PlyCount "169"]
[EventDate "2018.11.02"]
[EventType "team-tourn"]
[EventRounds "9"]
[EventCountry "NOR"]
[SourceTitle "CBM 188 Extra"]
[Source "ChessBase"]
[SourceDate "2019.02.26"]
[SourceVersion "1"]
[SourceVersionDate "2019.02.26"]
[SourceQuality "1"]
[WhiteTeam "OSS"]
[BlackTeam "Alta"]
[WhiteTeamCountry "NOR"]
[BlackTeamCountry "NOR"]

1. e4 c5 2. Nf3 Nc6 3. d4 cxd4 4. Nxd4 e5 5. Nb5 d6 6. c4 Be7 7. N1c3 a6 8. Na3 Be6 9. Nd5 Nf6 10. Bd3 0-0 11. 0-0 Nd7 12. Nxe7+ Qxe7 13. Nc2 Nc5 14. b3 Rac8 15. Ne3 Rfd8 16. Bb2 b5 17. Nd5 Qb7 18. Rc1 b4 19. Bb1 f6 20. Qf3 Bf7 21. Qg4 Kh8 22. Rce1 Ne6 23. Re3 Ned4 24. Rfe1 Be6 25. Qh4 a5 26. Rd3 Rf8 27. Ne3 Rcd8 28. Nc2 Nxc2 29. Bxc2 Rd7 30. Bd1 Ne7 31. Bg4 Ng6 32. Qg3 Nf4 33. Rf3 Bxg4 34. Qxg4 h5 35. Qg3 g5 36. h3 Rg8 37. Qh2 Rf7 38. g3 Nxh3+ 39. Qxh3 g4 40. Qxh5+ Rh7 41. Qf5 gxf3 42. Qxf6+ Qg7 43. Qxf3 Rf8 44. Qg2 Qa7 45. Re3 Kg8 46. Rf3 Rhf7 47. Rxf7 Rxf7 48. Qf1 a4 49. Qe2 axb3 50. axb3 Kf8 51. Kg2 Ke8 52. Bc1 Qa1 53. Bd2 Rh7 54. Be1 Qc1 55. Qg4 Qh6 56. Kf1 Rg7 57. Qc8+ Ke7 58. Qb7+ Kf6 59. Qd5 Qh3+ 60. Ke2 Qg4+ 61. f3 Qe6 62. Qd2 Rb7 63. g4 Ke7 64. Qa2 Qc8 65. Qa6 Kd7 66. Qa1 Rb8 67. Bd2 Ra8 68. Qh1 Kc6 69. Qb1 Qh8 70. Be3 Ra3 71. Qc2 Qh2+ 72. Bf2 Qg2 73. c5 Ra5 74. cxd6+ Kxd6 75. Ke3 Qf1 76. Qd2+ Kc6 77. Qxb4 Qc1+ 78. Qd2 Qxd2+ 79. Kxd2 Ra2+ 80. Ke3 Rb2 81. Bg3 Kd6 82. Be1 Rxb3+ 83. Kf2 Ke6 84. Kg3 Ra3 85. Bf2 1/2-1/2

[Event "Villorba Vergani Cup 2nd"]
[Site "Villorba"]
[Date "2018.01.04"]
[Round "4"]
[White "Bove, Alessandro"]
[Black "Getz, Nicolai"]
[Result "1-0"]
[WhiteElo "2310"]
[BlackElo "2423"]
[PlyCount "146"]
[EventDate "2018.01.02"]
[EventType "swiss"]
[EventRounds "9"]
[EventCountry "ITA"]
[SourceTitle "CBM 182 Extra"]
[Source "ChessBase"]
[SourceDate "2018.02.23"]
[SourceVersion "1"]
[SourceVersionDate "2018.02.23"]
[SourceQuality "1"]

1. d4 Nf6 2. Nf3 g6 3. Nc3 d5 4. Bf4 Bg7 5. Nb5 Na6 6. e3 Nh5 7. Bg5 c6 8. Nc3 Nc7 9. Be2 0-0 10. 0-0 f6 11. Bh4 g5 12. Nd2 gxh4 13. Bxh5 e5 14. Ne2 e4 15. Nf4 Ne6 16. Nxe6 Bxe6 17. f4 f5 18. c3 a5 19. a4 Kh8 20. Rb1 Bf6 21. b4 Bc8 22. Qb3 Rg8 23. Qa2 b6 24. b5 Be6 25. bxc6 Rc8 26. Be2 Rxc6 27. Rbc1 Qe7 28. Qb2 Qg7 29. Rf2 Bf7 30. Bb5 Rd6 31. Nf1 h5 32. c4 dxc4 33. Bxc4 Rxd4 34. Bxf7 Rd7 35. Qb5 Rxf7 36. Qxf5 Qh7 37. Qe6 Bd8 38. Rc8 Qf5 39. Qh6+ Rh7 40. Qc6 Rhg7 41. Qh6+ Qh7 42. Qxh7+ Kxh7 43. Nd2 Re7 44. Rc4 Rge8 45. f5 Re5 46. f6 Kg6 47. f7 Rf8 48. Rxe4 Rxe4 49. Nxe4 Be7 50. Kf1 Rxf7 51. Rxf7 Kxf7 52. Ke2 Ke6 53. Kd3 Kd5 54. Nc3+ Kc5 55. e4 Bd6 56. h3 Bg3 57. Nd5 Bh2 58. Kc3 Be5+ 59. Kd3 b5 60. axb5 Kxb5 61. Ne3 Kb4 62. Nc4 Bg7 63. e5 a4 64. e6 Bf6 65. Nb6 Kb3 66. Nd7 a3 67. Nxf6 a2 68. e7 a1Q 69. e8Q Qc3+ 70. Ke4 Qxf6 71. Qxh5 Qe6+ 72. Qe5 Qg6+ 73. Kf3 Ka2 1-0

[Event "Helsingor Xtracon op"]
[Site "Helsingor"]
[Date "2017.07.28"]
[Round "8"]
[White "Getz, Nicolai"]
[Black "Kvon, Andrey"]
[Result "1/2-1/2"]
[WhiteElo "2415"]
[BlackElo "2500"]
[PlyCount "116"]
[EventDate "2017.07.22"]
[EventType "swiss"]
[EventRounds "10"]
[EventCountry "DEN"]
[SourceTitle "CBM 179 Extra"]
[Source "ChessBase"]
[SourceDate "2017.08.23"]
[SourceVersion "1"]
[SourceVersionDate "2017.08.23"]
[SourceQuality "1"]

1. e4 c5 2. Nf3 Nc6 3. Nc3 e6 4. d4 cxd4 5. Nxd4 Qc7 6. Be3 Nf6 7. Qd2 Bb4 8. f3 0-0 9. Ndb5 Qa5 10. a3 d5 11. Rd1 Bxc3 12. Qxc3 Qxc3+ 13. Nxc3 dxe4 14. fxe4 Bd7 15. Be2 Rfd8 16. Rf1 Be8 17. Rxd8 Nxd8 18. Bg5 Nd7 19. Nb5 Nc6 20. Nd6 Rb8 21. c3 a6 22. b4 Nce5 23. a4 Kf8 24. a5 f6 25. Bf4 Ke7 26. Nxe8 Rxe8 27. h4 Rc8 28. Kd2 Nf7 29. Rf3 Nde5 30. Rg3 g6 31. Kc2 Nd7 32. Re3 h5 33. Rg3 Nfe5 34. Be3 Kf7 35. Kb3 Nb8 36. Bb6 Nbc6 37. Rh3 Nd7 38. Bd4 Ke7 39. Rh1 Nxd4+ 40. cxd4 Nb8 41. Rd1 Nc6 42. d5 exd5 43. exd5 Ne5 44. d6+ Ke6 45. b5 axb5 46. Kb4 Rc6 47. Kxb5 Rxd6 48. Rxd6+ Kxd6 49. Kb6 Nc6 50. Bd3 g5 51. hxg5 fxg5 52. Be4 Nxa5 53. Kxa5 Ke5 54. Bxb7 Kf4 55. Kb4 Kg3 56. Kc3 h4 57. Kd4 g4 58. Ke3 h3 1/2-1/2

[Event "Helsingor Xtracon op"]
[Site "Helsingor"]
[Date "2017.07.25"]
[Round "5"]
[White "Hammer, Jon Ludvig"]
[Black "Getz, Nicolai"]
[Result "1/2-1/2"]
[WhiteElo "2628"]
[BlackElo "2415"]
[PlyCount "107"]
[EventDate "2017.07.22"]
[EventType "swiss"]
[EventRounds "10"]
[EventCountry "DEN"]
[SourceTitle "CBM 179 Extra"]
[Source "ChessBase"]
[SourceDate "2017.08.23"]
[SourceVersion "1"]
[SourceVersionDate "2017.08.23"]
[SourceQuality "1"]

1. d4 Nf6 2. c4 g6 3. Nf3 Bg7 4. g3 0-0 5. Bg2 d6 6. 0-0 Nc6 7. Nc3 a6 8. d5 Na5 9. b3 Rb8 10. Bd2 c5 11. dxc6 Nxc6 12. Rc1 Bf5 13. Nd5 Be4 14. Bc3 Nxd5 15. cxd5 Bxc3 16. dxc6 Qa5 17. Nd4 Bxg2 18. Kxg2 Bxd4 19. c7 Rbc8 20. Qxd4 Qxa2 21. Qb6 Qxe2 22. Rfe1 Qb2 23. Qxb7 a5 24. Qd5 Rfe8 25. h4 h5 26. Rc6 e6 27. Qxd6 Qxb3 28. Qd7 a4 29. Rd1 Qb7 30. Rd3 Qa8 31. Rf3 Rf8 32. Rcc3 Qb7 33. Rc6 Qa8 34. Qd6 Qa5 35. Kh2 Qe1 36. Rcc3 Qe4 37. Rf4 Qa8 38. Qc5 Rfe8 39. Rcf3 Qd5 40. Qxd5 exd5 41. Rxf7 a3 42. Rd7 Ra8 43. Re3 Rf8 44. Ree7 Rxf2+ 45. Kg1 a2 46. Kxf2 Rf8+ 47. Rf7 Rxf7+ 48. Rxf7 Kxf7 49. c8Q a1Q 50. Qd7+ Kf6 51. Qd8+ Kg7 52. Qe7+ Kh6 53. Qg5+ Kg7 54. Qxd5 1/2-1/2